All Legendary League of Legends items - Statistics

General Stats
  • This quiz has been taken 60 times
  • The average score is 50 of 104
Answer Stats
Item % Correct
Rabadon's Deathcap
87%
Liandry's Torment
84%
Guardian Angel
81%
Infinity Edge
81%
Blade of the Ruined King
74%
Trinity Force
74%
Void Staff
74%
Shadowflame
71%
Sunfire Aegis
71%
The Collector
71%
Titanic Hydra
71%
Blackfire Torch
68%
Heartsteel
68%
Luden's Companion
68%
Ravenous Hydra
68%
Kraken Slayer
65%
Rapid Firecannon
65%
Black Cleaver
61%
Bloodthirster
61%
Hubris
61%
Jak'Sho, The Protean
61%
Navori Flickerblade
61%
Riftmaker
61%
Thornmail
61%
Lord Dominik's Regards
58%
Malignance
58%
Randuin's Omen
58%
Warmog's Armor
58%
Dead Man's Plate
55%
Eclipse
55%
Manamune
55%
Rod of Ages
55%
Spirit Visage
55%
Stormsurge
55%
Zhonya's Hourglass
55%
Axiom Arc
52%
Essence Reaver
52%
Guinsoo's Rageblade
52%
Lich Bane
52%
Mortal Reminder
52%
Nashor's Tooth
52%
Phantom Dancer
52%
Rylai's Crystal Scepter
52%
Statikk Shiv
52%
Stridebreaker
52%
Sundered Sky
52%
Unending Despair
52%
Zeke's Convergence
52%
Cosmic Drive
48%
Frozen Heart
48%
Immortal Shieldbow
48%
Locket of the Iron Solari
48%
Maw of Malmortius
48%
Mejai's Soulstealer
48%
Morellonomicon
48%
Runaan's Hurricane
48%
Sterak's Gage
48%
Youmuu's Ghostblade
48%
Force of Nature
45%
Hextech Rocketbelt
45%
Mikael's Blessing
45%
Profane Hydra
45%
Wit's End
45%
Ardent Censer
42%
Banshee's Veil
42%
Death's Dance
42%
Edge of Night
42%
Horizon Focus
42%
Knight's Vow
42%
Opportunity
42%
Redemption
42%
Winter's Approach
42%
Umbral Glaive
39%
Voltaic Cyclosword
39%
Archangel's Staff
35%
Chempunk Chainsword
35%
Cryptbloom
35%
Echoes of Helia
35%
Hollow Radiance
35%
Hullbreaker
35%
Iceborn Gauntlet
35%
Kaenic Rookern
35%
Serpent's Fang
35%
Staff of Flowing Water
35%
Terminus
35%
Yun Tal Wildarrows
35%
Moonstone Renewer
32%
Overlord's Bloodmail
32%
Serylda's Grudge
32%
Shurelya's Battlesong
32%
Spear of Shojin
32%
Abyssal Mask
29%
Bloodsong
29%
Dawncore
29%
Imperial Mandate
29%
Mercurial Scimitar
29%
Experimental Hexplate
26%
Trailblazer
26%
Vigilant Wardstone
26%
Dream Maker
19%
Solstice Sleigh
19%
Zaz'Zak's Realmspike
19%
Celestial Opposition
13%
Bounty of Worlds
3%
No matching quizzes found
Score Distribution
Percent of People with Each Score
Percentile by Number Answered
Your Score History
You have not taken this quiz